Countries By Continent Map Quiz #4 - Statistics

General Stats
  • This quiz has been taken 35 times
  • The average score is 45 of 48
Answers on the Map
Answers color-coded by a green-red scale on the quiz's map according to % correct below.
 
Answer Stats
Answer % Correct
China
100%
India
100%
Indonesia
100%
Japan
100%
Malaysia
100%
Mongolia
100%
North Korea
100%
Oman
100%
Pakistan
100%
Saudi Arabia
100%
South Korea
100%
Sri Lanka
100%
Turkey
100%
Turkmenistan
100%
Vietnam
100%
Cyprus
97%
Iraq
97%
Israel
97%
Jordan
97%
Kazakhstan
97%
Laos
97%
Philippines
97%
Tajikistan
97%
United Arab Emirates
97%
Uzbekistan
97%
Yemen
97%
Georgia
94%
Iran
94%
Nepal
94%
Qatar
94%
Thailand
94%
Afghanistan
90%
Armenia
90%
Bangladesh
90%
Syria
90%
Taiwan
90%
Azerbaijan
87%
Myanmar
87%
Singapore
87%
Bahrain
84%
Cambodia
84%
Kyrgyzstan
84%
Lebanon
84%
Bhutan
81%
Brunei
77%
Kuwait
77%
Maldives
77%
East Timor
74%
No matching quizzes found
Score Distribution
Percent of People with Each Score
Percentile by Number Answered
Your Score History
You have not taken this quiz